Hướng nào Hà Nội cũng sông : Tiểu luận

Đã lưu trong:
Bibliografiske detaljer
Hovedforfatter: Hồ, Anh Thái
Format: Bog
Sprog:Undetermined
Udgivet: Thành phố Hồ Chí Minh Văn nghệ Thành phố Hồ Chí Minh 2009
Fag:
Tags: Tilføj Tag
Ingen Tags, Vær først til at tagge denne postø!
Thư viện lưu trữ: Trung tâm Học liệu Trường Đại học Cần Thơ
LEADER 00695nam a2200217Ia 4500
001 CTU_154038
008 210402s9999 xx 000 0 und d
020 |c 48000 
082 |a 895.92244 
082 |b Th103 
100 |a Hồ, Anh Thái 
245 0 |a Hướng nào Hà Nội cũng sông : 
245 0 |b Tiểu luận 
245 0 |c Hồ Anh Thái 
260 |a Thành phố Hồ Chí Minh 
260 |b Văn nghệ Thành phố Hồ Chí Minh 
260 |c 2009 
650 |a Vietnamese literature,Văn học Việt Nam 
650 |y 21st century,Thế kỷ 21 
904 |i Trọng Hải 
980 |a Trung tâm Học liệu Trường Đại học Cần Thơ